|
|
|
|
| LEADER |
02766nam a22005415i 4500 |
| 001 |
978-3-540-75301-8 |
| 003 |
DE-He213 |
| 005 |
20151204153002.0 |
| 007 |
cr nn 008mamaa |
| 008 |
100301s2008 gw | s |||| 0|eng d |
| 020 |
|
|
|a 9783540753018
|9 978-3-540-75301-8
|
| 024 |
7 |
|
|a 10.1007/978-3-540-75301-8
|2 doi
|
| 040 |
|
|
|d GrThAP
|
| 050 |
|
4 |
|a GB3-5030
|
| 050 |
|
4 |
|a QE1-996.5
|
| 072 |
|
7 |
|a RB
|2 bicssc
|
| 072 |
|
7 |
|a SCI019000
|2 bisacsh
|
| 082 |
0 |
4 |
|a 550
|2 23
|
| 100 |
1 |
|
|a Wälder, Olga.
|e author.
|
| 245 |
1 |
0 |
|a Mathematical Methods for Engineers and Geoscientists
|h [electronic resource] /
|c by Olga Wälder.
|
| 264 |
|
1 |
|a Berlin, Heidelberg :
|b Springer Berlin Heidelberg,
|c 2008.
|
| 300 |
|
|
|a VIII, 176 p.
|b online resource.
|
| 336 |
|
|
|a text
|b txt
|2 rdacontent
|
| 337 |
|
|
|a computer
|b c
|2 rdamedia
|
| 338 |
|
|
|a online resource
|b cr
|2 rdacarrier
|
| 347 |
|
|
|a text file
|b PDF
|2 rda
|
| 505 |
0 |
|
|a From a Problem to Its Solution by Mathematical Modeling -- Some Real Problems and Their Solutions -- Practical Examples for Mathematical Modeling -- Some Code Examples -- Conclusion.
|
| 520 |
|
|
|a This book introduces and explains classical and modern mathematical procedures as applied to the real problems confronting engineers and geoscientists. Written in a manner that is understandable for students across the breadth of their studies, it lays out the foundations for mastering difficult and sometimes confusing mathematical methods. Arithmetic examples and figures fully support this approach, while all important mathematical techniques are detailed. Derived from the author's long experience teaching courses in applied mathematics, it is based on the lectures, exercises and lessons she has used in her classes. Also, the explanations and discussions in the book are inspired by the most frequently-asked questions of students, graduates and professionals.
|
| 650 |
|
0 |
|a Earth sciences.
|
| 650 |
|
0 |
|a Mathematical analysis.
|
| 650 |
|
0 |
|a Analysis (Mathematics).
|
| 650 |
|
0 |
|a Mathematical models.
|
| 650 |
|
0 |
|a Probabilities.
|
| 650 |
|
0 |
|a Applied mathematics.
|
| 650 |
|
0 |
|a Engineering mathematics.
|
| 650 |
1 |
4 |
|a Earth Sciences.
|
| 650 |
2 |
4 |
|a Earth Sciences, general.
|
| 650 |
2 |
4 |
|a Appl.Mathematics/Computational Methods of Engineering.
|
| 650 |
2 |
4 |
|a Environmental Monitoring/Analysis.
|
| 650 |
2 |
4 |
|a Mathematical Modeling and Industrial Mathematics.
|
| 650 |
2 |
4 |
|a Analysis.
|
| 650 |
2 |
4 |
|a Probability Theory and Stochastic Processes.
|
| 710 |
2 |
|
|a SpringerLink (Online service)
|
| 773 |
0 |
|
|t Springer eBooks
|
| 776 |
0 |
8 |
|i Printed edition:
|z 9783540752981
|
| 856 |
4 |
0 |
|u http://dx.doi.org/10.1007/978-3-540-75301-8
|z Full Text via HEAL-Link
|
| 912 |
|
|
|a ZDB-2-EES
|
| 950 |
|
|
|a Earth and Environmental Science (Springer-11646)
|